000 00448nmm a2200169Ia 4500
008 251105s9999||||xx |||||||||||||||||und||
020 _a9788499183572
041 _aspa
100 _aBalbás, Yeyo
245 0 _aPax romana
264 _a[Madrid, España] :
_bRoca Editorial,
_c2011
300 _a604 páginas
490 _aHistórica
650 _aHistorical fiction
856 _uhttps://public.digitaliapublishing.com/a/37249
942 _cCF
999 _c92423
_d92423